00696nam 2200205u 4500001000800000005001700008008004100025035002100066906004500087010001700132040001900149050001500168245006600183260004300249300003800292650004500330700004500375991003800420099003200458807102900000000000000.0830216s1975 xx h 000 0 eng  9(DLC) 74028941 a0bcbccpremunvduencipf19gy-gencatlg a 74028941  aDLCcCarPdDLC00aM21b.R21800aRagtime rarities : complete orginial music for 63 piano rags  aNew York : Dover Publications,cc1975. axiv, 305 p.b: facsims. ;c31 cm. 0aPiano music (Ragtime) [from old catalog]1 aTichenor, Trebor Jay. [from old catalog] bc-MusichM21i.R218tCopy 1wPREM atichenor-ragtime-1071953381